Statistiques concernant Astres de l'Univers DIFFICILE

Cliquez ici pour prendre le quiz!

Statistiques générales

  • Ce quiz a été pris 45 fois
  • Le résultat moyen est 5 sur 16

Statistiques - réponses

Réponse% Correct
Soleil
100%
Lune
86%
Pluton
49%
Io
47%
Europe
44%
Titan
33%
Encelade
26%
Ganymède
26%
Callisto
21%
Japet
12%
Mimas
12%
Dioné
9%
Rhéa
9%
Hypérion
7%
Phoebé
7%
Téthys
7%

Distribution des résultats

Percentile par nombre de réponses

% des personnes avec chaque résultat

Votre développement - résultats

Vous n’avez pas pris ce quiz